Statistics for Countries that Produce the Most Tomato

Click here to take the quiz!

General Stats

  • This quiz has been taken 180 times
  • The average score is 8 of 10

Answer Stats

ProducionCountry% Correct
12.9United States
97%
6.26Italy
95%
34.5China
94%
3.57Brazil
92%
4.07Spain
92%
11.0India
88%
2.93Mexico
88%
9.87Turkey
76%
4.52Iran
61%
7.38Egypt
55%

Score Distribution

Percentile by Number Answered

Percent of People with Each Score

Your Score History

You have not taken this quiz